| 000 | 00797nas a2200253 4500 | ||
|---|---|---|---|
| 001 | BR2016000118 | ||
| 003 | BR-BrBNA | ||
| 005 | 20231205130036.0 | ||
| 007 | ta | ||
| 008 | 230509b bl.|||p| |||| 00| 00por d | ||
| 040 |
_aBR-BrBNA _bpor _cBiblioteca Nacional de Agricultura |
||
| 041 | _a(Pt) | ||
| 072 | _aQ02 | ||
| 100 | 1 | _aYoshida, S.R. | |
| 100 | 1 | _aGandra, E.A. | |
| 245 | 1 | _aPotencialidades de compostos antimicrobianos e antioxidantes naturalmente presentes em frutas | |
| 650 | _aFRUTA | ||
| 650 | _aANTIOXIDANTE | ||
| 650 | _aPRESERVACAO DE ALIMENTO | ||
| 650 | _aMICROBIOLOGIA DE ALIMENTO | ||
| 773 | 0 |
_tHigiene Alimentar (Brazil) _xISSN 0101-9171 _g(Sep-Oct 2015), v. 29(248-249) p. 72-78 _wBR2016000118 |
|
| 909 |
_a202311 _bLúcia _c55 _dLúcia Elande |
||
| 942 |
_2AGRIS _n0 _cANA |
||
| 999 |
_c247588 _d247588 |
||